| 000 | 00611naa a2200217 i 4500 | ||
|---|---|---|---|
| 001 | 32638 | ||
| 003 | ES-MaBCM | ||
| 005 | 20241016095248.0 | ||
| 008 | 941209s1994 gbr 000 0 eng d | ||
| 021 | _axx | ||
| 035 | _a(OCoLC)1365268658 | ||
| 040 | _cES-MaBCM | ||
| 041 | 0 | _aeng | |
| 043 | _agbr | ||
| 100 | 1 |
_aPlaut, Martin _937306 |
|
| 245 | 1 | 0 |
_aRwanda, looking beyond the slaughter _cMartin Plaut |
| 651 | 2 | 0 |
_aRuanda _9128566 |
| 650 | 2 | 7 |
_aSituación política _960283 |
| 773 | 0 |
_aEn: _tThe world today _dLondon : 1994 _w104754 _gvol. 50, nº 8-9, Aug.-Sept., p. 149-153. - Loc. S.88 |
|
| 942 | _cAREV | ||
| 999 |
_c32638 _d32638 |
||